ბათუმის შოთა რუსთაველის სახელმწიფო უნივერსიტეტის ბიბლიოთეკა

ქართული პოეზია საუკუნეთა მიჯნაზე:XX-XXI საუკუნეები. (ბიბ.ჩანაწერი № 44109)

000 -LEADER
fixed length control field 00888nam a2200205Ia 4500
001 - CONTROL NUMBER
control field 10867
003 - CONTROL NUMBER IDENTIFIER
control field GE_BSU
008 - FIXED-LENGTH DATA ELEMENTS--GENERAL INFORMATION
fixed length control field 181216s||||||||xx |||||||||||||| ||und||
040 ## - CATALOGING SOURCE
Transcribing agency GE_BSU
080 ## - UNIVERSAL DECIMAL CLASSIFICATION NUMBER
Universal Decimal Classification number 821.353.1–1
245 ## - TITLE STATEMENT
Title ქართული პოეზია საუკუნეთა მიჯნაზე:XX-XXI საუკუნეები.
245 ## - TITLE STATEMENT
Statement of responsibility, etc. პროექტის ავტორი.ნაირა გელაშვილი;შემდგ.და რედ.შოთა იათაშვილი.
260 ## - PUBLICATION, DISTRIBUTION, ETC.
Place of publication, distribution, etc. თბილისი.
260 ## - PUBLICATION, DISTRIBUTION, ETC.
Name of publisher, distributor, etc. კავკასიური სახლი.
260 ## - PUBLICATION, DISTRIBUTION, ETC.
Date of publication, distribution, etc. 2006.
300 ## - PHYSICAL DESCRIPTION
Extent 255გვ;20სმ.
300 ## - PHYSICAL DESCRIPTION
Accompanying material ფოტოები.
653 ## - INDEX TERM--UNCONTROLLED
Uncontrolled term ქართული პოეზია საუკუნეთა მიჯნაზე:XX-XXI საუკუნეები.
942 ## - ADDED ENTRY ELEMENTS (KOHA)
Koha item type წიგნი
ეგზემპლარები
Withdrawn status Lost status Damaged status Not for loan Date acquired Barcode Date last seen Price effective from Koha item type
        2018-12-17 35258 2018-12-17 2018-12-17 წიგნი
        2018-12-17 35259 2018-12-17 2018-12-17 წიგნი